El homicidio ante el jurado

Gespeichert in:  
Bibliographische Detailangaben
1. VerfasserIn: Londoño Jiménez, Hernando (Verfasst von)
Medienart: Druck Buch
Sprache:Spanisch
Veröffentlicht: Bogotá TEMIS 1976
In:Jahr: 1976
Bestand in Tübingen:In Tübingen vorhanden.
UB: KB 9 A 139
Verfügbarkeit prüfen: HBZ Gateway
Subito Bestelldienst: Jetzt bestellen.

MARC

LEADER 00000cam a22000002c 4500
001 1094198382
003 DE-627
005 20241107222220.0
007 tu
008 910515s1976 xx ||||| 00| ||spa c
035 |a (DE-627)1094198382 
035 |a (DE-576)024198382 
035 |a (DE-599)BSZ024198382 
035 |a (OCoLC)03038429 
040 |a DE-627  |b ger  |c DE-627  |e rakwb 
041 |a spa 
100 1 |8 1\p  |a Londoño Jiménez, Hernando  |0 (DE-588)1056339152  |0 (DE-627)794019668  |0 (DE-576)41255349X  |4 aut 
109 |a Londoño Jiménez, Hernando 
245 1 3 |a El homicidio ante el jurado  |c Hernando Londoño Jiménez 
264 1 |a Bogotá  |b TEMIS  |c 1976 
300 |a XVIII, 388 S. 
336 |a Text  |b txt  |2 rdacontent 
337 |a ohne Hilfsmittel zu benutzen  |b n  |2 rdamedia 
338 |a Band  |b nc  |2 rdacarrier 
583 1 |a Archivierung prüfen  |c 20200919  |f DE-640  |z 2  |2 pdager 
883 |8 1\p  |a cgwrk  |d 20241001  |q DE-101  |u https://d-nb.info/provenance/plan#cgwrk 
951 |a BO 
ELC |b 1 
LOK |0 000 xxxxxcx a22 zn 4500 
LOK |0 001 2164537602 
LOK |0 003 DE-627 
LOK |0 004 1094198382 
LOK |0 005 20020606000000 
LOK |0 008 910515||||||||||||||||ger||||||| 
LOK |0 040   |a DE-21  |c DE-627  |d DE-21 
LOK |0 852   |a DE-21 
LOK |0 852 1  |c KB 9 A 139  |9 00 
LOK |0 935   |a krim 
LOK |0 936ln  |a k10.8 
LOK |0 939   |a 15-05-91  |b l01 
ORI |a SA-MARC-krimdoka001.raw 
SIG |a UB: KB 9 A 139